Computer Science with C++ -XII (Record no. 11516)
[ view plain ]
| 000 -LEADER | |
|---|---|
| fixed length control field | 00266nam a22000977a 4500 |
| 008 - FIXED-LENGTH DATA ELEMENTS--GENERAL INFORMATION | |
| fixed length control field | 190531b ||||| |||| 00| 0 eng d |
| 020 ## - INTERNATIONAL STANDARD BOOK NUMBER | |
| International Standard Book Number | 9788183505994 |
| 100 ## - MAIN ENTRY--PERSONAL NAME | |
| Personal name | Arora Preeti |
| 9 (RLIN) | 7125 |
| 245 ## - TITLE STATEMENT | |
| Title | Computer Science with C++ -XII |
| 260 ## - PUBLICATION, DISTRIBUTION, ETC. (IMPRINT) | |
| Place of publication, distribution, etc. | New Delhi |
| Name of publisher, distributor, etc. | Sultan Chand |
| Date of publication, distribution, etc. | 2018 |
No items available.